| 000 | 00521nam a22001937a 4500 | ||
|---|---|---|---|
| 999 |
_c525520 _d525520 |
||
| 003 | NUST | ||
| 005 | 20190702113751.0 | ||
| 008 | 190702b ||||| |||| 00| 0 eng d | ||
| 038 | _awaseem | ||
| 082 |
_a891.421 _bKAL |
||
| 100 |
_aKhalish, Tufail _915571 |
||
| 245 |
_aMiti Di Khushbo / _cTufail Khalish |
||
| 260 |
_aLahore : _bPanjand Acedmy, _c(n.d). |
||
| 300 | _a128 p. ; | ||
| 500 | _aHardcover. | ||
| 880 |
_6100-02\r _aطفیل خلش |
||
| 880 |
_6245-02\r _a مِٹی دی خوشبَو / |
||
| 942 |
_2ddc _cBK |
||